[Event "11. Online Aktivschach WM"]
[Site "Schachcomputer.info"]
[Date "2014.12.11"]
[Round "1.1"]
[White "CM 32 MHz Gideon 3.1, Tasc"]
[Black "Revelation II Lyon"]
[Result "1/2-1/2"]
[WhiteElo "2377"]
[BlackElo "2295"]
[PlyCount "122"]

1. d4 d5 2. c4 c6 3. Nf3 Nf6 4. Nc3 dxc4 5. a4 Na6 6. e3 Bg4 7. Bxc4 e6 8. O-O
{*} Nb4 {*} 9. e4 Bxf3 10. gxf3 Be7 11. Kh1 g6 12. Rg1 Qc7 13. Ne2 O-O-O 14.
Bf4 Qa5 15. Rc1 Rhg8 16. Rg5 c5 17. Bb5 Nh5 18. Rcxc5+ Bxc5 19. Rxc5+ Nc6 20.
Qc1 Nxf4 21. Nxf4 Qb4 22. d5 a6 23. Rc4 Qa5 24. b4 Qb6 25. Bxc6 Qxf2 26. Be8+
Kb8 27. Bxf7 Rgf8 28. Rc7 exd5 29. Bxd5 Rxd5 30. exd5 Rxf4 31. Rc8+ Ka7 32.
Qc5+ Qxc5 33. bxc5 Rxa4 34. Rc7 Ra1+ 35. Kg2 Ra5 36. Kg3 Kb8 37. d6 h6 38. h3
g5 39. h4 gxh4+ 40. Kxh4 Ra4+ 41. Kh5 Rd4 42. Kg6 b6 43. Kf6 bxc5 44. Ke5 Rd3
45. f4 h5 46. Rxc5 h4 47. Ke6 h3 48. Rh5 Kb7 49. Kd7 Rf3 50. Rh7 Kb6 51. Kd8
Rxf4 52. Rxh3 Rd4 53. d7 a5 54. Re3 a4 55. Ke7 Kb5 56. d8=Q Rxd8 57. Kxd8 Kb4
58. Re4+ Kb3 59. Re5 a3 60. Re3+ Kb2 61. Re2+ Kb1 1/2-1/2

[Event "11. Online Aktivschach WM"]
[Site "Schachcomputer.info"]
[Date "2014.12.11"]
[Round "1.2"]
[White "Revelation II Vancouver"]
[Black "Resurrection Ruffian"]
[Result "1/2-1/2"]
[WhiteElo "2332"]
[BlackElo "2377"]
[PlyCount "134"]

1. e4 c5 2. d4 cxd4 3. Qxd4 Nc6 4. Qe3 Nf6 5. Bc4 d5 6. exd5 Nxd5 7. Qd3 Be6 8.
Na3 Ndb4 9. Qxd8+ Rxd8 10. Bxe6 fxe6 11. Nf3 e5 12. O-O Nd4 13. Nxe5 Ndxc2 14.
Nxc2 Nxc2 15. Rb1 e6 16. Bf4 Be7 17. Rbc1 O-O 18. Rxc2 Rxf4 19. Nf3 Ra4 20. a3
Bf6 21. Re1 Ra6 22. h3 Rad6 23. Ree2 a6 24. b4 R8d7 25. a4 Kf7 26. Rc4 Rd1+ 27.
Kh2 b5 28. axb5 axb5 29. Rc5 R7d5 30. Rc7+ Be7 31. Ne5+ Kf8 32. Rc8+ Rd8 33.
Rxd8+ Bxd8 34. Rc2 Bf6 35. Nc6 Be7 36. Nxe7 Kxe7 37. Rc7+ Rd7 38. Rc5 Rd5 39.
Rc7+ Kf6 40. Rb7 h5 41. h4 g6 42. Kg3 Kf5 43. f3 Ke5 44. Rb6 Kf6 45. Kf2 Kf5
46. g3 Kf6 47. Kf1 Kf5 48. Ke2 Re5+ 49. Kf2 Rd5 50. Rb7 Kf6 51. Ke3 Re5+ 52.
Kf4 Rf5+ 53. Ke4 Re5+ 54. Kd3 Rd5+ 55. Ke2 Re5+ 56. Kf1 Rd5 57. Kf2 Rd2+ 58.
Kg1 Rd3 59. Kg2 Rd5 60. Rb8 Ke5 61. Kf2 Kf6 62. Ke2 Re5+ 63. Kf1 Rf5 64. Kg2
Rd5 65. Kf2 Rf5 66. Rf8+ Ke5 67. Rd8 Kf6 1/2-1/2

[Event "11. Online Aktivschach WM"]
[Site "Schachcomputer.info"]
[Date "2014.12.14"]
[Round "1.3"]
[White "R30 V2.2, Tasc"]
[Black "Atlanta, Mephisto"]
[Result "1/2-1/2"]
[WhiteElo "2369"]
[BlackElo "2266"]
[PlyCount "107"]

1. e4 c5 2. c3 Nf6 3. e5 Nd5 4. d4 cxd4 5. cxd4 d6 6. Nf3 Nc6 7. Nc3 Nxc3 8.
bxc3 Qa5 9. exd6 e6 10. Bd2 Bxd6 11. Be2 O-O 12. O-O e5 {Buchende R30} 13. Bd3
{Buchende Atlanta} exd4 14. Nxd4 Ne5 15. Be2 Bd7 16. f4 Nc6 17. Qc2 Rfe8 18.
Bd3 Qh5 19. Rfe1 Bc5 20. Qb2 Qd5 21. Kh1 Nxd4 22. cxd4 Qxd4 23. Qxd4 Bxd4 24.
Rac1 Rxe1+ 25. Rxe1 Re8 26. Rxe8+ Bxe8 27. h3 Bc6 28. Kh2 b5 29. g4 Bc5 30. Bf1
b4 31. Bc4 a5 32. Kg3 a4 33. f5 Be4 34. Kf4 Bc2 35. Kf3 b3 36. Bc3 Ba3 37. axb3
axb3 38. f6 {Man fragt sich, ob R30 f6 mit dem Plan spielt, die Anzahl der
Bauern auf dem Brett zu reduzieren. Wenn Schwarz nach dem Läufertausch nur der
schwarzfeldrige Läufer und ein Bauer auf der h-Linie bleibt, hat Weiß gute
Remischancen.} b2 39. Bxb2 Bxb2 40. fxg7 Kxg7 41. Kf4 f5 42. gxf5 Kf6 43. Be6
h5 44. Kg3 Bxf5 45. Bxf5 {R30 hat die Stellung verstanden und bewertet mit 0 -
Schwarz hat den falschen Läufer für h1} Kxf5 46. h4 Ke4 47. Kh2 Kf3 48. Kh3 Bf6
49. Kh2 Kg4 50. Kg1 Bxh4 51. Kh2 Bg3+ 52. Kg1 h4 53. Kg2 h3+ {R.} 54. Kh1
1/2-1/2

[Event "11. Online Aktivschach WM"]
[Site "Schachcomputer.info"]
[Date "2014.12.10"]
[Round "1.4"]
[White "Risc 1MB, Mephisto"]
[Black "R30 V2.23, Tasc"]
[Result "0-1"]
[WhiteElo "2259"]
[BlackElo "2369"]
[PlyCount "68"]

1. e4 e5 2. Nf3 f5 3. Nxe5 Nc6 4. Nxc6 dxc6 5. Nc3 Nf6 6. exf5 Bxf5 7. d4 Bb4
8. Bd3 Bg4 9. f3 Bh5 10. Qe2+ Kf7 11. Bc4+ Nd5 12. O-O Re8 13. Ne4 Kg8 14. a3
Bd6 15. Qd3 b5 16. Bxd5+ cxd5 17. Ng5 Bg6 18. Qxb5 Bf8 19. b4 Rb8 20. Qa5 Rb6
21. Qxa7 Re2 22. c3 Bd3 23. Bf4 Rg6 24. h4 h6 25. Rad1 hxg5 26. hxg5 Bd6 27.
Bc1 Rxg5 28. Rf2 Bh2+ 29. Kh1 Rh5 30. g3 Bxg3+ 31. Kg2 Rxf2+ 32. Kg1 Rh1+ 33.
Kxh1 Qh4+ 34. Kg1 Qh2# 0-1

[Event "11. Online Aktivschach WM"]
[Site "Schachcomputer.info"]
[Date "2014.12.14"]
[Round "1.5"]
[White "London 68030, Mephisto"]
[Black "Risc 2500, Saitek"]
[Result "0-1"]
[WhiteElo "2343"]
[BlackElo "2241"]
[PlyCount "84"]

{Der London spielt mit folgenden Einstellungen: Bibliothek: ZUFALL, GAMBIT;
Stil: RISIKO, SEL 12; Bauernbewertung: 0,9} 1. e4 c5 2. d4 cxd4 3. Nf3 e5 4. c3
dxc3 5. Nxc3 Nc6 6. Bc4 Bb4 7. O-O Nf6 8. Nd5 Be7 9. Nxe7 (9. Ng5 O-O 10. Nxf6+
Bxf6 11. Qh5 Bxg5 (11... h6 $2 12. Nxf7 Rxf7 13. Bxf7+ Kf8) 12. Bxg5 Qc7 13.
Rac1 {und Weiss hat durchaus Kompensation für den Bauern.}) 9... Qxe7 10. Qd3
d6 11. Bg5 O-O 12. Rac1 Bg4 13. Rfe1 (13. h3 Bxf3 14. Qxf3 Nd4 15. Qd3 h6 16.
Be3 b5 17. Bxb5 Nxb5 18. Qxb5 Nxe4 $15) 13... Bxf3 14. Qxf3 Nd4 15. Qh3 Ne6 16.
Bh4 Rfc8 17. Qb3 $5 (17. Qd3 Rc6 18. Qd2 Nd4 19. Bd5 Rc5 20. b4 Rxc1 21. Rxc1
$11) 17... Nd4 $1 18. Qd3 Rc5 {Jetzt steht Schwarz gut.} 19. Rc3 Rac8 20. Rec1
a6 21. Bd5 (21. f3 {hilft auch nicht wirklich.} b5 22. Bb3 h6 23. Bf2 Rxc3 24.
Rxc3 Rxc3 25. bxc3 Nxb3 26. axb3 Qd7 $17) 21... b5 22. Rxc5 $2 {Jetzt wird der
Bauer d6 zum Riesen und entscheidet die Partie.} dxc5 {logisch!} 23. Qd1 Qd6
24. Bxf6 Qxf6 25. Qh5 Rc7 26. Rd1 $2 {Dem London fällt nix mehr ein.} c4 27.
Qg4 b4 28. Rc1 c3 29. bxc3 bxc3 30. Rb1 $2 {und aus die Maus, der Rest folgt
unkommentiert.} Qd8 31. g3 c2 32. Rc1 Qd6 33. Kf1 Qh6 34. Re1 Qd2 35. Bb3 c1=Q
36. Rxc1 Rxc1+ 37. Kg2 Qe1 38. Bxf7+ Kf8 39. Kh3 Qf1+ 40. Kh4 Qxf2 41. Kh3 Qf1+
42. Kh4 Rc2 {Weiss gibt auf.} 0-1

[Event "11. Online Aktivschach WM"]
[Site "Schachcomputer.info"]
[Date "2014.12.07"]
[Round "1.6"]
[White "Magellan, Mephisto"]
[Black "CM 14 MHz King 2.54, Tasc"]
[Result "0-1"]
[WhiteElo "2236"]
[BlackElo "2340"]
[PlyCount "124"]

1. d4 d5 2. c4 c6 3. Nf3 e6 4. Nc3 Nf6 5. e3 Nbd7 6. Bd3 dxc4 7. Bxc4 b5 8. Bd3
Bb7 9. e4 b4 10. Na4 c5 11. e5 Nd5 12. O-O cxd4 13. Re1 g6 14. Bb5 Nc7 15. Nxd4
Nxb5 16. Nxb5 Qc8 17. Nd6+ Bxd6 18. exd6 Qc6 19. f3 Qb5 20. Bh6 Rc8 21. b3 Rg8
22. Rc1 Rxc1 23. Bxc1 g5 24. Re2 Rg6 25. Rc2 e5 26. Be3 Qa6 27. Bc5 g4 28. fxg4
Be4 29. Rf2 Qb7 30. Be3 Qc6 31. Rd2 h5 32. g5 h4 33. Nb2 h3 34. gxh3 f5 35. h4
a5 36. Nc4 f4 37. Bf2 a4 38. Qh5 Kf7 39. Qh8 axb3 40. axb3 Rg7 41. Qd8 Ke6 42.
Qe8+ Kf5 43. Qh8 Qa8 44. Qxa8 Bxa8 45. h3 Be4 46. Nb6 Nxb6 47. Bxb6 Ke6 48. Bc5
Bd5 49. Bxb4 Rb7 50. Bc5 Bxb3 51. h5 Bd5 52. Kf2 e4 53. Ke2 Bc4+ 54. Kd1 e3 55.
Bxe3 fxe3 56. d7 Bb3+ 57. Ke2 exd2 58. d8=Q d1=Q+ 59. Qxd1 Bxd1+ 60. Kxd1 Rb5
61. h4 Rb4 62. Ke2 Rxh4 0-1

[Event "11. Online Aktivschach WM"]
[Site "Schachcomputer.info"]
[Date "2014.12.08"]
[Round "1.7"]
[White "CM 32 MHz Rebell 1.7, Tasc"]
[Black "Centurion 40 MHz, Saitek"]
[Result "1-0"]
[WhiteElo "2200"]
[BlackElo "2200"]
[PlyCount "100"]

1. c4 Nf6 2. d4 c5 3. d5 b5 4. Nf3 bxc4 5. Nc3 g6 6. e4 d6 7. Bxc4 Bg7 8. e5
dxe5 9. Nxe5 O-O 10. Bg5 Qd6 11. f4 Nbd7 12. Nb5 Qb6 13. Nc6 a6 14. Nc3 Qxb2
15. Ne2 Ne4 16. Rc1 Nxg5 17. Nxe7+ Kh8 18. fxg5 Qb4+ 19. Qd2 Qxd2+ 20. Kxd2 Bb7
21. Rb1 Rab8 22. Rhc1 Rfe8 23. Nc6 Bxc6 24. dxc6 Ne5 25. Rxb8 Rxb8 26. Bxa6
Nxc6 27. Rxc5 Nd8 28. Rc8 Rxc8 29. Bxc8 Kg8 30. Kd3 Kf8 31. a4 Nc6 32. Kc4 Ke7
33. Kc5 Ne5 34. a5 Kd8 35. Bb7 Kc7 36. Bd5 f5 37. Nf4 Nd7+ 38. Kb5 Kd6 39. Ne6
Kxd5 40. Nxg7 Ne5 41. a6 Nc6 42. Ne8 Na7+ 43. Kb6 Nc6 44. Nf6+ Kd6 45. Nxh7 f4
46. Nf8 f3 47. gxf3 Ne7 48. Nxg6 Nc8+ 49. Kb7 Kd7 50. Ne5+ Ke6 1-0

[Event "11. Online Aktivschach WM"]
[Site "Schachcomputer.info"]
[Date "2014.12.12"]
[Round "1.8"]
[White "Star Diamond, Novag"]
[Black "Genius 68030, Mephisto"]
[Result "1-0"]
[WhiteElo "2180"]
[BlackElo "2340"]
[PlyCount "92"]

1. e4 d6 2. d4 Nf6 3. Nc3 g6 4. f4 Bg7 5. Nf3 O-O 6. Bd3 Nc6 7. O-O e5 8. fxe5
dxe5 9. d5 Nd4 10. Nxe5 Nxe4 11. Bxe4 Bxe5 {letzter Buchzug} 12. Bf4 {letzter
Buchzug} Qd6 13. Bxe5 Qxe5 14. Qd2 Nf5 15. Rae1 Qd6 16. Bd3 Bd7 17. Ne4 Qb6+
18. Qf2 Kg7 19. Qxb6 axb6 20. g4 Nd6 21. Nf6 Bb5 22. Bxb5 Nxb5 23. a3 Nd6 24.
Rf4 Rfd8 25. Kf2 Ne8 26. Nxe8+ Rxe8 27. Re3 Rxe3 28. Kxe3 Rd8 29. Kd4 f6 30. h4
h5 31. gxh5 gxh5 32. Re4 Kf7 33. Kc4 Rg8 34. Kb5 Rg4 35. Rc4 Rxc4 36. Kxc4 Kg7
37. Kd4 Kg6 38. c4 Kf7 39. Ke4 Kg6 40. a4 Kg7 41. Kf5 Kf7 42. b4 Ke7 43. Kg6 f5
44. Kxf5 Kd6 45. Kg5 Ke5 46. Kxh5 Kd4 1-0

[Event "11. Online Aktivschach WM"]
[Site "Schachcomputer.info"]
[Date "2014.12.08"]
[Round "1.9"]
[White "Elite V11, Fidelity"]
[Black "London 68000, Mephisto"]
[Result "1-0"]
[WhiteElo "2331"]
[BlackElo "2166"]
[PlyCount "199"]

1. d4 {*} c6 2. e4 d5 3. Nc3 dxe4 4. Nxe4 Nd7 5. Bc4 Ngf6 6. Nxf6+ Nxf6 7. Nf3
{*} e6 8. O-O Be7 {*} 9. Re1 O-O 10. Bf4 Qb6 11. Bb3 c5 12. Qd3 cxd4 13. Rad1
Bb4 14. Re2 Bd7 15. Nxd4 Bc5 16. c3 Rad8 17. Be5 Ng4 18. a4 Nxe5 19. Rxe5 Bc6
20. a5 Qxb3 21. Nxb3 Rxd3 22. Rxd3 Be7 23. f3 Rc8 24. Nd4 Bd5 25. Re1 Bd6 26.
Nf5 Bc5+ 27. Ne3 Bc6 28. Rd2 g6 29. Kf2 Kg7 30. Kg3 Be7 31. Ng4 Bd8 32. Ra1
Bc7+ 33. Kh3 Bf4 34. Rd3 h5 35. Nf2 Bb5 36. Rdd1 Be2 37. Rd7 Rc7 38. Rd8 Bg5
39. Ra8 a6 40. Ne4 Be7 41. Re1 Bb5 42. Rd1 e5 43. Nd6 Bxd6 44. Rxd6 Rc5 45. Rd1
Bc6 46. Ra1 Rd5 47. c4 Rd4 48. Re1 e4 49. fxe4 Rxc4 50. Re2 Ra4 51. e5 Rxa5 52.
Rd8 g5 53. Kg3 Ra4 54. Kf2 Rf4+ 55. Kg1 Ra4 56. Rd1 Ra5 57. Ree1 h4 58. Rd2 Ra2
59. Rf2 a5 60. Ref1 Bd5 61. Rc1 Bc6 62. Rd2 a4 63. Rc3 Kg6 64. Ra3 Rxa3 65.
bxa3 Kf5 66. Rf2+ Kxe5 67. Rxf7 Bd5 68. Re7+ Kf5 69. Rc7 Kf4 70. Rc5 Bc6 71.
Kf2 Bd7 72. g3+ Kg4 73. gxh4 gxh4 74. Rc7 Bc6 75. Rg7+ Kh3 76. Kg1 b5 77. Rg5
Be8 78. Rd5 Bc6 79. Rd6 Be8 80. Rd3+ Kg4 81. h3+ Kf4 82. Kf2 Kg5 83. Rd5+ Kf4
84. Rd8 Bc6 85. Rd6 Be8 86. Rd5 Ke4 87. Rd8 Bf7 88. Rh8 Kd3 89. Rxh4 Bc4 90.
Rg4 b4 91. Rg3+ Kc2 92. axb4 Kb2 93. Ke3 a3 94. Rg2+ Kc3 95. Rg1 a2 96. h4 Kb2
97. h5 a1=Q 98. Rxa1 Kxa1 99. Kd4 Bb5 100. h6 1-0

[Event "11. Online Aktivschach WM"]
[Site "Schachcomputer.info"]
[Date "2014.12.16"]
[Round "1.10"]
[White "Milano Pro, Mephisto"]
[Black "Revelation Deep Sjeng 1.8"]
[Result "1-0"]
[WhiteElo "2160"]
[BlackElo "2321"]
[PlyCount "161"]

1. e4 c5 2. c3 Nf6 3. e5 Nd5 4. d4 cxd4 5. cxd4 Nc6 6. Nf3 d6 7. Nc3 dxe5 8.
dxe5 Be6 9. Nb5 Rc8 10. Bc4 a6 11. Na3 b5 12. Bb3 Na5 13. Bc2 Nb4 14. Qxd8+
Rxd8 15. Be4 Bxa2 16. Bd2 e6 17. O-O Bd5 18. Bxd5 Rxd5 19. Bxb4 Bxb4 20. Nc2
Bd2 21. Rfd1 Nc4 22. b3 Nxe5 23. Nxd2 Ke7 24. Nb4 Rd4 25. Nxa6 Ra8 26. Ra2 f6
27. Kf1 Rh4 28. h3 Rd4 29. Ke2 Rc8 30. Ra5 Ra8 31. Rda1 Rad8 32. Nf1 Re4+ 33.
Ne3 Nc6 34. Nc5 Re5 35. b4 Nxa5 36. Rxa5 Rd4 37. Rxb5 Kd6 38. Rb6+ Kc7 39.
Nxe6+ Kxb6 40. Nxd4 Re8 41. Kd3 Ra8 42. f4 Ra1 43. Ne6 Ra3+ 44. Kd4 Ra7 45. Kc4
Kc6 46. g4 Ra3 47. Nd5 g6 48. Nd4+ Kb7 49. Nb3 f5 50. gxf5 gxf5 51. Ne7 Ra2 52.
Nc5+ Kb6 53. Nxf5 Rc2+ 54. Kd4 Rh2 55. h4 Rh1 56. Nd3 Rb1 57. h5 Rh1 58. h6 Rh2
59. Kd5 Rd2 60. Ke4 Rh2 61. Kd4 Kc6 62. Ne5+ Kb5 63. Ng4 Rh1 64. Nf6 Rf1 65.
Nd5 Rh1 66. Ke5 Kc6 67. Nf6 Re1+ 68. Kd4 Rf1 69. Ke3 Re1+ 70. Kf2 Rb1 71. Nxh7
Rxb4 72. Kf3 Rb8 73. Nf6 Rh8 74. h7 Kc7 75. Nh6 Kc6 76. Ke4 Kc7 77. Nf7 Rf8 78.
Ng8 Rxf7 79. h8=Q Kb7 80. Qh5 Rc7 81. Qb5+ 1-0

[Event "11. Online Aktivschach WM"]
[Site "Schachcomputer.info"]
[Date "2014.12.12"]
[Round "1.11"]
[White "R30 Gideon, Tasc"]
[Black "Citrine 30 MHz, Novag"]
[Result "1-0"]
[WhiteElo "2313"]
[BlackElo "2100"]
[PlyCount "59"]

1. d4 d5 2. Nf3 Nf6 3. c4 dxc4 4. e3 Bg4 5. Bxc4 e6 6. h3 Bh5 7. Nc3 Nbd7 8.
O-O Bd6 9. e4 e5 10. Be2 O-O 11. dxe5 Nxe5 12. Nd4 Bxe2 13. Qxe2 Ng6 14. Rd1
Qc8 15. Bg5 Be5 16. Rac1 h6 17. Bxf6 Bxf6 18. Nd5 Be5 19. Qh5 Re8 20. g3 c5 21.
Nf5 Re6 22. Rd2 Kh7 23. f4 Bb8 24. e5 Qf8 25. Nf6+ gxf6 26. Rd8 Qg7 27. Nxg7
Kxg7 28. Rcd1 Rb6 29. f5 fxe5 30. R1d7 1-0

[Event "11. Online Aktivschach WM"]
[Site "Schachcomputer.info"]
[Date "2014.12.09"]
[Round "1.12"]
[White "Revelation Diablo"]
[Black "Atlanta 36 MHz, Mephisto"]
[Result "1/2-1/2"]
[WhiteElo "2059"]
[BlackElo "2310"]
[PlyCount "55"]

1. e4 e5 2. Nc3 Nf6 3. f4 d5 4. fxe5 Nxe4 5. d3 Nxc3 6. bxc3 c5 7. Nf3 Nc6 8.
d4 cxd4 9. cxd4 Bb4+ 10. Bd2 Nxd4 11. c3 Nxf3+ 12. Qxf3 Bc5 13. Qg3 Kf8 14. Be2
Qb6 15. Bd3 Qb2 16. Ke2 Qa3 17. Qf3 Be6 18. Rhb1 Rb8 19. Qf4 h6 20. Rb3 Qa5 21.
Rab1 b6 22. Rb5 Qa3 23. Bc1 Qxa2+ 24. R1b2 Qa3 25. R2b3 Qa2+ 26. Rb2 Qa3 27.
R2b3 Qa2+ 28. Rb2 1/2-1/2

[Event "11. Online Aktivschach WM"]
[Site "Schachcomputer.info"]
[Date "2014.12.28"]
[Round "2.1"]
[White "R30 V2.23, Tasc"]
[Black "R30 Gideon, Tasc"]
[Result "1/2-1/2"]
[WhiteElo "2369"]
[BlackElo "2313"]
[PlyCount "103"]

1. d4 d5 2. c4 c6 3. Nf3 Nf6 4. Nc3 dxc4 5. a4 Bf5 6. Ne5 e6 7. f3 Bb4 8. e4
Bxe4 9. fxe4 Nxe4 10. Bd2 Qxd4 11. Nxe4 Qxe4+ 12. Qe2 Bxd2+ 13. Kxd2 Qd5+ 14.
Kc2 Na6 15. Nxc4 O-O-O 16. Qe5 Nb4+ 17. Kb3 Nd3 18. Qxd5 Rxd5 19. Bxd3 Rxd3+
20. Kc2 Rd4 21. b3 f6 22. Rhe1 e5 23. Rad1 Rhd8 24. Rxd4 Rxd4 25. Rd1 Rxd1 26.
Kxd1 Kd7 27. Ke2 b5 28. Ne3 Ke6 29. axb5 cxb5 30. b4 e4 31. g4 g6 32. Nd1 Kd5
33. Nc3+ Kc4 34. Nxe4 Kxb4 35. Nxf6 h6 36. Kd1 Kb3 37. Kc1 a5 38. Kb1 a4 39.
Ng8 a3 40. Nxh6 b4 41. Nf7 a2+ 42. Ka1 Kc2 43. Ne5 b3 44. Nc4 g5 45. Nb2 Kd2
46. Na4 Ke3 47. Nc5 Kf4 48. Nxb3 Kxg4 49. Nd4 Kh3 50. Nf3 g4 51. Ng5+ Kg2 52.
h3 1/2-1/2

[Event "11. Online Aktivschach WM"]
[Site "Schachcomputer.info"]
[Date "2014.12.21"]
[Round "2.2"]
[White "CM 14 MHz King 2.54, Tasc"]
[Black "Star Diamond, Novag"]
[Result "0-1"]
[WhiteElo "2340"]
[BlackElo "2180"]
[PlyCount "120"]

1. e4 d6 2. d4 Nf6 3. Nc3 g6 4. f4 Bg7 5. Nf3 O-O 6. Be2 c5 7. dxc5 Qa5 8. O-O
Qxc5+ 9. Kh1 Nbd7 10. Qe1 a6 11. Bd3 b5 12. Be3 Qh5 13. a4 b4 14. Ne2 Nc5 15.
Ng3 Nxd3 16. cxd3 Qa5 17. Nd2 b3 18. Qc1 Rb8 19. Ra3 Be6 20. f5 Rfc8 21. Qd1
Bd7 22. Nxb3 Qb4 23. Bd2 Qb6 24. Bc3 Kh8 25. Nd2 Qa7 26. Nc4 d5 27. exd5 Nxd5
28. fxg6 Nxc3 29. bxc3 fxg6 30. Qe2 Bc6 31. Ne4 Rf8 32. Re1 Rf4 33. Rd1 Bxe4
34. dxe4 Qb7 35. Nd2 Qb2 36. Raa1 Qxc3 37. g3 Rff8 38. Rac1 Qa5 39. Rc6 Qxa4
40. Rxa6 Qc2 41. Ra7 Rbd8 42. Rxe7 Bh6 43. Rb7 Rxd2 44. Rxd2 Qxd2 45. Qxd2 Bxd2
46. Kg2 Be3 47. Rd7 Rf2+ 48. Kh3 Re2 49. Kg4 Bc5 50. Kf4 Rxh2 51. Ke5 Rg2 52.
Rc7 Bb6 53. Rc6 Be3 54. Kf6 Bd4+ 55. Kf7 Rf2+ 56. Ke6 Rf6+ 57. Kd5 Rxc6 58.
Kxc6 Be5 59. Kd5 Bxg3 60. Kd4 g5 0-1

[Event "11. Online Aktivschach WM"]
[Site "Schachcomputer.info"]
[Date "2014.12.21"]
[Round "2.3"]
[White "Risc 2500, Saitek"]
[Black "CM 32 MHz Rebell 1.7, Tasc"]
[Result "1-0"]
[WhiteElo "2241"]
[BlackElo "2200"]
[PlyCount "72"]

1. e4 c6 2. d4 d5 3. Nc3 dxe4 4. Nxe4 Nd7 5. Bc4 Ndf6 6. Ng3 h5 7. Nf3 Bg4 8.
Ne5 e6 9. f3 h4 10. fxg4 hxg3 11. h3 Bd6 12. Qe2 Qe7 13. O-O Bxe5 14. Qxe5 Rd8
15. g5 Nh5 16. g6 f6 17. Qe3 Rd6 18. Re1 Rd8 19. Bxe6 Kf8 20. Bd2 Qd6 21. Qb3
Ne7 22. Bg4 Qd5 23. Bb4 Re8 24. Bxe7+ Rxe7 25. Rxe7 Nf4 26. Rf7+ Ke8 27. Qe3+
Ne6 28. Bxe6 Qd6 29. Rxg7 b6 30. Rxa7 Kd8 31. g7 Re8 32. Qe4 Qxe6 33. Qxe6 Rxe6
34. g8=Q+ Re8 35. Qf7 Re1+ 36. Rxe1 Kc8 1-0

[Event "11. Online Aktivschach WM"]
[Site "Schachcomputer.info"]
[Date "2014.12.23"]
[Round "2.4"]
[White "Milano Pro, Mephisto"]
[Black "Elite V11, Fidelity"]
[Result "0-1"]
[WhiteElo "2160"]
[BlackElo "2331"]
[PlyCount "98"]

1. e4 e5 2. Nc3 Nf6 3. Bc4 Nxe4 4. Qh5 Nd6 5. Bb3 Nc6 6. Nb5 g6 7. Qf3 f5 {*}
8. Qd5 Qe7 9. Nxc7+ Kd8 10. Nxa8 b6 {*} 11. Nf3 Bb7 12. Nxb6 axb6 13. Kf1 e4
14. Ne1 Bg7 15. d4 Nb4 16. Bg5 Bxd5 17. Bxe7+ Kxe7 18. c3 Ra8 19. Bxd5 Nxd5 20.
a3 Nc4 21. Ra2 Bh6 22. g4 fxg4 23. h3 g3 24. fxg3 Rf8+ 25. Kg2 Bc1 26. b3 Nce3+
27. Kg1 Rf1+ 28. Kh2 Nxc3 29. Rc2 Rxh1+ 30. Kxh1 Nxc2 31. Nxc2 Nd5 32. Kg2 Ne3+
33. Nxe3 Bxe3 34. d5 Kd6 35. Kf1 Kxd5 36. Ke2 Kd4 37. a4 Bg1 38. Kd2 d5 39. g4
e3+ 40. Ke2 Ke4 41. b4 d4 42. Kf1 Bf2 43. Ke2 d3+ 44. Kd1 e2+ 45. Kc1 e1=Q+ 46.
Kb2 Qxb4+ 47. Ka2 Qxa4+ 48. Kb2 Qc2+ 49. Ka3 Bc5# 0-1

[Event "11. Online Aktivschach WM"]
[Site "Schachcomputer.info"]
[Date "2014.12.22"]
[Round "2.5"]
[White "Atlanta, Mephisto"]
[Black "CM 32 MHz Gideon 3.1, Tasc"]
[Result "0-1"]
[WhiteElo "2266"]
[BlackElo "2377"]
[PlyCount "76"]

1. e4 d6 2. Nf3 c6 {Buchende Atlanta} 3. d4 Nf6 4. Nbd2 {Buchende CM} Nbd7 5.
e5 dxe5 6. dxe5 Nd5 7. Nc4 Nc5 8. Be2 g6 9. Be3 Ne6 10. Qd3 b5 11. Ncd2 Nxe3
12. Qxe3 Qb6 13. Qxb6 axb6 14. c4 b4 15. Bd3 Bh6 16. O-O O-O 17. Be4 Bb7 18.
Rfd1 Rfd8 19. Bc2 c5 20. Kf1 Nf4 21. g3 Nd3 22. Bxd3 Rxd3 23. Ke2 Rad8 24. g4
f6 25. g5 Bxg5 26. Nxg5 fxg5 27. f3 Kf7 28. Ne4 Bxe4 29. fxe4 Rxd1 30. Rxd1
Rxd1 31. Kxd1 Ke6 32. Ke2 Kxe5 33. Ke3 g4 34. Kd3 Kf4 35. Ke2 Kxe4 36. b3 e5
37. Kf2 Kd3 38. Kg3 h5 0-1

[Event "11. Online Aktivschach WM"]
[Site "Schachcomputer.info"]
[Date "2014.12.19"]
[Round "2.6"]
[White "Resurrection Ruffian"]
[Black "Revelation Diablo"]
[Result "1-0"]
[WhiteElo "2377"]
[BlackElo "2059"]
[PlyCount "69"]

1. e4 c5 2. Nf3 e6 3. d4 cxd4 4. Nxd4 Nf6 5. Nc3 Nc6 6. Ndb5 d6 7. Bf4 e5 8.
Bg5 Be6 9. Nd5 Bxd5 10. exd5 Ne7 11. Qf3 Nexd5 12. Bxf6 Nxf6 13. Qxb7 Rc8 14.
O-O-O d5 15. Nxa7 Rc7 16. Bb5+ Nd7 17. Qxd5 Rxa7 18. Qxe5+ Be7 19. Qxg7 Rf8 20.
Rxd7 Rxd7 21. Rd1 Bf6 22. Qg4 Bxb2+ 23. Kxb2 Qf6+ 24. Kb1 Rh8 25. Rxd7 Kf8 26.
Ra7 Qxf2 27. Ra8+ Ke7 28. Qg5+ f6 29. Qg7+ Kd6 30. Ra6+ Qb6 31. Qxf6+ Kd5 32.
Qf5+ Kd6 33. Rxb6+ Kc7 34. Qc5+ Kd8 35. Rb8# 1-0

[Event "11. Online Aktivschach WM"]
[Site "Schachcomputer.info"]
[Date "2014.12.28"]
[Round "2.7"]
[White "Revelation II Lyon"]
[Black "R30 V2.2, Tasc"]
[Result "1-0"]
[WhiteElo "2295"]
[BlackElo "2369"]
[PlyCount "122"]

1. d4 Nf6 2. Nf3 d5 3. c4 dxc4 4. e3 e6 5. Bxc4 c5 6. O-O a6 7. a4 Nc6 8. Qe2
Qc7 9. Nc3 Bd6 10. dxc5 Bxc5 11. e4 Ng4 12. g3 Bd6 13. h3 Nge5 14. Nxe5 Nxe5
15. Bb3 Qb6 16. Qd1 Bc5 17. a5 Qc7 18. Bf4 Bd7 19. Kg2 O-O-O 20. Qe2 Bc6 21.
Rfc1 Rhe8 22. Ba4 Bd4 23. Bxc6 bxc6 24. Qxa6+ Qb7 25. Qxb7+ Kxb7 26. a6+ Ka7
27. Rd1 Ng6 28. Bc7 Rd7 29. Ra4 Rc8 30. Raxd4 Rxd4 31. Rxd4 Rxc7 32. Ra4 Kb6
33. b4 Ra7 34. Ra5 Rxa6 35. Rxa6+ Kxa6 36. f4 h5 37. Kf3 h4 38. gxh4 Nxh4+ 39.
Kf2 Ng6 40. Ke3 e5 41. fxe5 Nxe5 42. Kd4 f6 43. Kc5 Kb7 44. Kd6 Ng6 45. Ne2 Kb6
46. Ke6 Ne5 47. Ng3 Kb5 48. Nf5 Kxb4 49. Nxg7 c5 50. Kxf6 Nd7+ 51. Ke6 Nb6 52.
h4 c4 53. Nf5 c3 54. Ne3 Kb3 55. h5 Nc4 56. Nf5 Nd2 57. e5 Nf3 58. Ne3 Nd4+ 59.
Kf6 Nc2 60. Nd1 Nb4 61. Nxc3 Kxc3 1-0

[Event "11. Online Aktivschach WM"]
[Site "Schachcomputer.info"]
[Date "2015.01.02"]
[Round "2.8"]
[White "Atlanta 36 MHz, Mephisto"]
[Black "Revelation II Vancouver"]
[Result "0-1"]
[WhiteElo "2310"]
[BlackElo "2332"]
[PlyCount "124"]

1. d4 d5 2. e4 dxe4 3. Nc3 Nf6 4. f3 exf3 {Buchende Atlanta} 5. Nxf3 g6 6. Bf4
Bg7 {Buchende Vancouver} 7. Bc4 O-O 8. O-O Bf5 9. Nb5 Na6 10. c3 c6 11. Na3 Nc7
12. Be5 Ncd5 13. Qe2 Bh6 14. Bb3 c5 15. dxc5 Ne3 16. Rfe1 Bd3 17. Qd2 Ne4 18.
Qc1 Nf5 19. Bf4 Bxf4 20. Qxf4 Nxc5 21. Rad1 Nxb3 22. axb3 Qb6+ 23. Nd4 Ba6 24.
b4 Rad8 25. Qf2 Nxd4 26. Rxd4 Bd3 27. Rxe7 Rxd4 28. Qxd4 Qxd4+ 29. cxd4 Rd8 30.
Rxb7 Rxd4 31. Kf2 Bf5 32. Ke2 Rh4 33. h3 Be4 34. Rb8+ Kg7 35. Kf2 Bc6 36. Rc8
Bb7 37. Rc4 Rxc4 38. Nxc4 Bc6 39. Ne5 Be8 40. Ke3 f5 41. Kd4 Kf6 42. b3 Kg5 43.
g3 Kf6 44. h4 h6 45. Nd3 g5 46. hxg5+ Kxg5 47. Nc5 Kg4 48. Ke5 h5 49. Ne6 Kxg3
50. Nd4 Bd7 51. Ne2+ Kf3 52. Nf4 h4 53. Nh3 Kg4 54. Nf4 Bb5 55. Nd5 h3 56. Ne3+
Kf3 57. Nxf5 Bd3 58. Nh4+ Ke3 59. b5 h2 60. Ng2+ Kd2 61. Nf4 Bxb5 62. Kd6 Kc3
0-1

[Event "11. Online Aktivschach WM"]
[Site "Schachcomputer.info"]
[Date "2014.12.23"]
[Round "2.9"]
[White "Centurion 40 MHz, Saitek"]
[Black "London 68030, Mephisto"]
[Result "1/2-1/2"]
[WhiteElo "2200"]
[BlackElo "2343"]
[PlyCount "116"]

1. e4 c5 2. Nc3 Nc6 3. g3 g6 4. Bg2 Bg7 5. d3 d6 6. f4 e6 7. Nf3 Nge7 8. O-O {
buchende weiss und schwarz} O-O 9. Qe2 Qb6 10. a3 Nd4 11. Nxd4 cxd4 12. Nb1 Bd7
13. a4 Rac8 14. a5 Qc5 15. Rf2 Rc7 16. c3 dxc3 17. bxc3 Bxc3 18. Nxc3 Qxc3 19.
Bb2 Qb4 20. Qe3 Nc6 21. Ba3 Qxa5 22. Raa2 Nb4 23. Qd2 Nc6 24. Bxd6 Qxd2 25.
Rfxd2 Rcc8 26. Bxf8 Kxf8 27. d4 b6 28. d5 exd5 29. exd5 Na5 30. Rd3 Rc1+ 31.
Kf2 Bf5 32. Rd4 Nb3 33. Rb4 Nc5 34. Ke3 Re1+ 35. Kd2 Re7 36. d6 Rd7 37. Kc3 Be6
38. Rd2 Rd8 39. Rb1 a5 40. Rd4 Rc8 41. Kb2 b5 42. Rbd1 Ke8 43. Bd5 Kd7 44.
Bxe6+ fxe6 45. Rb1 Rc6 46. Ka2 b4 47. Rbd1 h5 48. h4 Nb7 49. Kb2 Nxd6 50. R1d3
Kc7 51. Ka2 Rb6 52. Kb3 Nb7 53. Rc4+ Rc6 54. Rxc6+ Kxc6 55. Kc4 Nd6+ 56. Kb3
Nb7 57. Kc4 Nd6+ 58. Kb3 Nb7 {R.} 1/2-1/2